[Event "April 9 Early 2024"]
[Site "Chess.com"]
[Date "2024.04.10"]
[Round "7"]
[White "Denis Kozlov"]
[Black "Misailovic, Nebojsa"]
[Result "1-0"]
[Board "207"]
[WhiteFideId "54104319"]
[BlackFideId "903175"]
[WhiteTitle "FM"]
[BlackTitle "IM"]
[WhiteElo "2250"]
[BlackElo "2475"]
[WhiteTeam "RUS"]
[BlackTeam "SRB"]
[WhiteClock "0:00:24"]
[BlackClock "0:01:47"]
[Variant "Standard"]

1. d4 {[%clk 0:03:00]}  d5 {[%clk 0:02:58]} 2. c4 {[%clk 0:03:01]}  c6 {[%clk 0:02:58]} 3. cxd5 {[%clk 0:03:01]}  cxd5 {[%clk 0:02:58]} 4. Nc3 {[%clk 0:03:01]}  Nc6 {[%clk 0:02:57]} 5. Bf4 {[%clk 0:03:02]}  Nf6 {[%clk 0:02:56]} 6. Rc1 {[%clk 0:03:01]}  a6 {[%clk 0:02:54]} 7. e3 {[%clk 0:03:01]}  Bf5 {[%clk 0:02:53]} 8. Nf3 {[%clk 0:02:56]}  e6 {[%clk 0:02:52]} 9. Qb3 {[%clk 0:02:36]}  Ra7 {[%clk 0:02:51]} 10. Ne5 {[%clk 0:02:15]}  Bd6 {[%clk 0:02:45]} 11. Nxc6 {[%clk 0:01:39]}  bxc6 {[%clk 0:02:46]} 12. Bxd6 {[%clk 0:01:40]}  Qxd6 {[%clk 0:02:45]} 13. Qb6 {[%clk 0:01:40]}  Rc7 {[%clk 0:02:34]} 14. Qb8+ {[%clk 0:01:12]}  Qd8 {[%clk 0:02:34]} 15. Qxd8+ {[%clk 0:01:13]}  Kxd8 {[%clk 0:02:35]} 16. Bxa6 {[%clk 0:01:11]}  Kd7 {[%clk 0:02:28]} 17. a3 {[%clk 0:01:03]}  Rb8 {[%clk 0:02:27]} 18. b4 {[%clk 0:00:56]}  Ra7 {[%clk 0:02:14]} 19. b5 {[%clk 0:00:56]}  cxb5 {[%clk 0:02:14]} 20. Bxb5+ {[%clk 0:00:55]}  Kd6 {[%clk 0:02:09]} 21. a4 {[%clk 0:00:55]}  Rc8 {[%clk 0:02:09]} 22. Ne4+ {[%clk 0:00:50]}  Bxe4 {[%clk 0:02:05]} 23. Rxc8 {[%clk 0:00:50]}  Bxg2 {[%clk 0:02:04]} 24. Rg1 {[%clk 0:00:50]}  Bf3 {[%clk 0:02:03]} 25. Rxg7 {[%clk 0:00:48]}  Ne4 {[%clk 0:02:02]} 26. Rf8 {[%clk 0:00:36]}  Rc7 {[%clk 0:02:02]} 27. Rd8+ {[%clk 0:00:32]}  Ke7 {[%clk 0:02:00]} 28. Rd7+ {[%clk 0:00:28]}  Rxd7 {[%clk 0:02:00]} 29. Bxd7 {[%clk 0:00:29]}  Kxd7 {[%clk 0:01:49]} 30. Rxf7+ {[%clk 0:00:29]}  Kd6 {[%clk 0:01:48]} 31. Rxf3 {[%clk 0:00:29]}  Nc3 {[%clk 0:01:49]} 32. a5 {[%clk 0:00:29]}  Kc6 {[%clk 0:01:47]} 33. Rh3 {[%clk 0:00:28]}  Kb5 {[%clk 0:01:46]} 34. Rxh7 {[%clk 0:00:29]}  Kxa5 {[%clk 0:01:47]} 35. Rb7 {[%clk 0:00:29]}  Ka6 {[%clk 0:01:47]} 36. Rb8 {[%clk 0:00:28]}  Ne4 {[%clk 0:01:47]} 37. h4 {[%clk 0:00:28]}  Nf6 {[%clk 0:01:47]} 38. f3 {[%clk 0:00:26]}  Ka7 {[%clk 0:01:47]} 39. Rb1 {[%clk 0:00:26]}  Ka6 {[%clk 0:01:47]} 40. Kf2 {[%clk 0:00:27]}  Nh5 {[%clk 0:01:48]} 41. Rg1 {[%clk 0:00:25]}  Nf6 {[%clk 0:01:47]} 42. Rg6 {[%clk 0:00:24]} 1-0

[Event "April 9 Early 2024"]
[Site "Chess.com"]
[Date "2024.04.09"]
[Round "7"]
[White "Mamedjarova, Turkan"]
[Black "Womacka, Mathias"]
[Result "1-0"]
[Board "208"]
[WhiteFideId "13402005"]
[BlackFideId "4611390"]
[WhiteTitle "WGM"]
[BlackTitle "GM"]
[WhiteElo "2236"]
[BlackElo "2472"]
[WhiteTeam "AZE"]
[BlackTeam "GER"]
[WhiteClock "0:00:17"]
[BlackClock "0:00:00"]
[Variant "Standard"]

1. e4 {[%clk 0:03:00]}  c5 {[%clk 0:02:59]} 2. Nf3 {[%clk 0:03:00]}  d6 {[%clk 0:02:59]} 3. d4 {[%clk 0:03:01]}  cxd4 {[%clk 0:03:00]} 4. Nxd4 {[%clk 0:03:01]}  Nf6 {[%clk 0:03:00]} 5. Nc3 {[%clk 0:02:59]}  a6 {[%clk 0:03:01]} 6. Bc4 {[%clk 0:02:58]}  e6 {[%clk 0:03:01]} 7. Bb3 {[%clk 0:02:58]}  b5 {[%clk 0:03:01]} 8. O-O {[%clk 0:02:57]}  Be7 {[%clk 0:03:02]} 9. Qf3 {[%clk 0:02:55]}  Qb6 {[%clk 0:03:01]} 10. Be3 {[%clk 0:02:54]}  Qb7 {[%clk 0:03:02]} 11. Qg3 {[%clk 0:02:47]}  b4 {[%clk 0:03:01]} 12. Nce2 {[%clk 0:02:40]}  Qxe4 {[%clk 0:02:48]} 13. c3 {[%clk 0:02:38]}  bxc3 {[%clk 0:02:36]} 14. Nxc3 {[%clk 0:02:35]}  Qb7 {[%clk 0:02:36]} 15. Rad1 {[%clk 0:02:24]}  O-O {[%clk 0:02:36]} 16. Rfe1 {[%clk 0:02:08]}  Nc6 {[%clk 0:02:16]} 17. Nxc6 {[%clk 0:01:51]}  Qxc6 {[%clk 0:02:16]} 18. Bc2 {[%clk 0:01:45]}  Bb7 {[%clk 0:02:07]} 19. f3 {[%clk 0:01:40]}  d5 {[%clk 0:01:48]} 20. Kh1 {[%clk 0:01:33]}  Rfe8 {[%clk 0:01:31]} 21. Bh6 {[%clk 0:01:17]}  Bf8 {[%clk 0:01:28]} 22. Bg5 {[%clk 0:01:14]}  Nh5 {[%clk 0:01:19]} 23. Qh4 {[%clk 0:01:12]}  g6 {[%clk 0:01:19]} 24. Ba4 {[%clk 0:01:02]}  Qb6 {[%clk 0:01:19]} 25. Bxe8 {[%clk 0:01:02]}  Rxe8 {[%clk 0:01:20]} 26. Nxd5 {[%clk 0:00:50]}  Qxb2 {[%clk 0:00:57]} 27. Nf6+ {[%clk 0:00:43]}  Nxf6 {[%clk 0:00:56]} 28. Bxf6 {[%clk 0:00:43]}  Qxa2 {[%clk 0:00:56]} 29. Qd4 {[%clk 0:00:42]}  Rc8 {[%clk 0:00:38]} 30. Qd7 {[%clk 0:00:36]}  Rc2 {[%clk 0:00:16]} 31. Qxb7 {[%clk 0:00:35]}  Rxg2 {[%clk 0:00:16]} 32. Be5 {[%clk 0:00:34]}  Rg5 {[%clk 0:00:13]} 33. Qb2 {[%clk 0:00:21]}  Qa4 {[%clk 0:00:11]} 34. Bd6 {[%clk 0:00:19]}  Bxd6 {[%clk 0:00:08]} 35. Rxd6 {[%clk 0:00:20]}  Qa5 {[%clk 0:00:00]} 36. Red1 {[%clk 0:00:17]} 1-0

[Event "April 9 Early 2024"]
[Site "Chess.com"]
[Date "2024.04.09"]
[Round "7"]
[White "Castellanos Hernandez, Lhia Itzayana"]
[Black "Yushko, Olga"]
[Result "0-1"]
[Board "209"]
[WhiteFideId "5123569"]
[BlackFideId "14114500"]
[WhiteTitle "WCM"]
[BlackTitle "WFM"]
[WhiteElo "2417"]
[BlackElo "2231"]
[WhiteTeam "MEX"]
[BlackTeam "UKR"]
[WhiteClock "0:00:45"]
[BlackClock "0:01:10"]
[Variant "Standard"]

1. d4 {[%clk 0:03:00]}  e6 {[%clk 0:02:58]} 2. c4 {[%clk 0:02:58]}  Nf6 {[%clk 0:02:58]} 3. Nc3 {[%clk 0:02:58]}  d5 {[%clk 0:02:59]} 4. e3 {[%clk 0:02:53]}  Bd6 {[%clk 0:02:57]} 5. c5 {[%clk 0:02:48]}  Be7 {[%clk 0:02:56]} 6. Nf3 {[%clk 0:02:49]}  O-O {[%clk 0:02:55]} 7. Ne5 {[%clk 0:02:47]}  b6 {[%clk 0:02:37]} 8. b4 {[%clk 0:02:41]}  a5 {[%clk 0:02:37]} 9. bxa5 {[%clk 0:02:37]}  bxc5 {[%clk 0:02:36]} 10. Bd3 {[%clk 0:02:21]}  cxd4 {[%clk 0:02:34]} 11. exd4 {[%clk 0:02:22]}  c5 {[%clk 0:02:28]} 12. O-O {[%clk 0:02:15]}  cxd4 {[%clk 0:02:28]} 13. Nb5 {[%clk 0:02:15]}  Qxa5 {[%clk 0:02:06]} 14. Bb2 {[%clk 0:02:02]}  Ba6 {[%clk 0:02:01]} 15. Nxd4 {[%clk 0:01:54]}  Bxd3 {[%clk 0:02:01]} 16. Qxd3 {[%clk 0:01:55]}  Nbd7 {[%clk 0:01:59]} 17. Rfc1 {[%clk 0:01:47]}  Nxe5 {[%clk 0:01:57]} 18. Qg3 {[%clk 0:01:44]}  Bd6 {[%clk 0:01:44]} 19. Nc6 {[%clk 0:01:26]}  Nxc6 {[%clk 0:01:32]} 20. Qxd6 {[%clk 0:01:23]}  Qb4 {[%clk 0:01:21]} 21. Be5 {[%clk 0:00:46]}  Qxd6 {[%clk 0:01:15]} 22. Bxd6 {[%clk 0:00:47]}  Rfc8 {[%clk 0:01:15]} 23. a4 {[%clk 0:00:48]}  Na5 {[%clk 0:01:11]} 24. Bc7 {[%clk 0:00:45]}  Nb3 {[%clk 0:01:10]} 0-1

[Event "April 9 Early 2024"]
[Site "Chess.com"]
[Date "2024.04.09"]
[Round "7"]
[White "Ivanov, Aleksandr"]
[Black "Kukreja Sankalp"]
[Result "0-1"]
[Board "210"]
[WhiteFideId "2092980"]
[BlackFideId "45027676"]
[BlackTitle "CM"]
[WhiteElo "2203"]
[BlackElo "2414"]
[WhiteTeam "USA"]
[BlackTeam "IND"]
[WhiteClock "0:00:00"]
[BlackClock "0:00:12"]
[Variant "Standard"]

1. d4 {[%clk 0:02:49]}  d5 {[%clk 0:02:57]} 2. c4 {[%clk 0:02:48]}  c6 {[%clk 0:02:57]} 3. cxd5 {[%clk 0:02:47]}  cxd5 {[%clk 0:02:57]} 4. Bf4 {[%clk 0:02:47]}  Nf6 {[%clk 0:02:57]} 5. e3 {[%clk 0:02:46]}  Bf5 {[%clk 0:02:55]} 6. Qb3 {[%clk 0:02:46]}  Qc8 {[%clk 0:02:40]} 7. Nc3 {[%clk 0:02:39]}  e6 {[%clk 0:02:39]} 8. Nf3 {[%clk 0:02:09]}  Nc6 {[%clk 0:02:35]} 9. Bb5 {[%clk 0:02:01]}  Be7 {[%clk 0:02:30]} 10. Ne5 {[%clk 0:01:53]}  O-O {[%clk 0:02:28]} 11. O-O {[%clk 0:01:46]}  Nh5 {[%clk 0:02:12]} 12. Bg3 {[%clk 0:01:24]}  Nxg3 {[%clk 0:02:10]} 13. hxg3 {[%clk 0:01:23]}  Nxe5 {[%clk 0:02:04]} 14. dxe5 {[%clk 0:01:23]}  Qc7 {[%clk 0:02:01]} 15. Be2 {[%clk 0:01:00]}  Qxe5 {[%clk 0:01:40]} 16. Qxb7 {[%clk 0:00:55]}  Bc5 {[%clk 0:01:40]} 17. Na4 {[%clk 0:00:47]}  Rab8 {[%clk 0:01:33]} 18. Qa6 {[%clk 0:00:43]}  Bb6 {[%clk 0:01:22]} 19. Bd3 {[%clk 0:00:38]}  Bxd3 {[%clk 0:00:51]} 20. Qxd3 {[%clk 0:00:37]}  Rfc8 {[%clk 0:00:51]} 21. Rfc1 {[%clk 0:00:34]}  Qd6 {[%clk 0:00:45]} 22. b3 {[%clk 0:00:26]}  e5 {[%clk 0:00:43]} 23. Nxb6 {[%clk 0:00:23]}  axb6 {[%clk 0:00:41]} 24. Rd1 {[%clk 0:00:20]}  Rd8 {[%clk 0:00:41]} 25. Qb5 {[%clk 0:00:19]}  d4 {[%clk 0:00:37]} 26. exd4 {[%clk 0:00:18]}  exd4 {[%clk 0:00:38]} 27. Rd3 {[%clk 0:00:18]}  Qc5 {[%clk 0:00:38]} 28. Qxc5 {[%clk 0:00:14]}  bxc5 {[%clk 0:00:39]} 29. Rc1 {[%clk 0:00:14]}  Rb5 {[%clk 0:00:37]} 30. Kf1 {[%clk 0:00:14]}  Ra5 {[%clk 0:00:30]} 31. a4 {[%clk 0:00:13]}  f6 {[%clk 0:00:28]} 32. Ke2 {[%clk 0:00:13]}  Kf7 {[%clk 0:00:28]} 33. Kd2 {[%clk 0:00:13]}  Ke6 {[%clk 0:00:29]} 34. Rc4 {[%clk 0:00:13]}  Kd5 {[%clk 0:00:28]} 35. Rf3 {[%clk 0:00:11]}  Rb8 {[%clk 0:00:28]} 36. Rf5+ {[%clk 0:00:11]}  Ke6 {[%clk 0:00:25]} 37. Rf3 {[%clk 0:00:10]}  f5 {[%clk 0:00:20]} 38. Kc2 {[%clk 0:00:09]}  g6 {[%clk 0:00:19]} 39. g4 {[%clk 0:00:10]}  fxg4 {[%clk 0:00:18]} 40. Rf4 {[%clk 0:00:10]}  h5 {[%clk 0:00:18]} 41. Re4+ {[%clk 0:00:10]}  Kd5 {[%clk 0:00:18]} 42. Re7 {[%clk 0:00:10]}  Ra6 {[%clk 0:00:16]} 43. Rc7 {[%clk 0:00:08]}  Rc6 {[%clk 0:00:14]} 44. Rg7 {[%clk 0:00:06]}  Rf8 {[%clk 0:00:13]} 45. f3 {[%clk 0:00:02]}  gxf3 {[%clk 0:00:13]} 46. gxf3 {[%clk 0:00:03]}  Rxf3 {[%clk 0:00:14]} 47. a5 {[%clk 0:00:03]}  Rf2+ {[%clk 0:00:14]} 48. Kb1 {[%clk 0:00:03]}  Ra6 {[%clk 0:00:12]} 49. Rd7+ {[%clk 0:00:03]}  Kc6 {[%clk 0:00:12]} 50. Rd8 {[%clk 0:00:01]}  Rxa5 {[%clk 0:00:12]} 51. Rc8+ {[%clk 0:00:01]}  Kd5 {[%clk 0:00:12]} 52. Rd8+ {[%clk 0:00:01]}  Ke4 {[%clk 0:00:13]} 53. Re8+ {[%clk 0:00:01]}  Kd3 {[%clk 0:00:13]} 54. Re1 {[%clk 0:00:01]}  Rb5 {[%clk 0:00:11]} 55. Rd1+ {[%clk 0:00:00]}  Ke2 {[%clk 0:00:12]} 0-1

[Event "April 9 Early 2024"]
[Site "Chess.com"]
[Date "2024.04.09"]
[Round "7"]
[White "Novak, Ratko"]
[Black "Valtiner, Adamo"]
[Result "1-0"]
[Board "211"]
[WhiteFideId "14511827"]
[BlackFideId "1647962"]
[WhiteTitle "CM"]
[BlackTitle "CM"]
[WhiteElo "2397"]
[BlackElo "2178"]
[WhiteTeam "CRO"]
[BlackTeam "AUT"]
[WhiteClock "0:00:43"]
[BlackClock "0:00:16"]
[Variant "Standard"]

1. d4 {[%clk 0:02:59]}  c5 {[%clk 0:03:00]} 2. dxc5 {[%clk 0:02:59]}  e5 {[%clk 0:03:00]} 3. Be3 {[%clk 0:02:59]}  Nc6 {[%clk 0:02:59]} 4. a3 {[%clk 0:02:56]}  a5 {[%clk 0:02:57]} 5. f3 {[%clk 0:02:55]}  Nf6 {[%clk 0:02:56]} 6. Bf2 {[%clk 0:02:55]}  d5 {[%clk 0:02:51]} 7. cxd6 {[%clk 0:02:55]}  Bxd6 {[%clk 0:02:52]} 8. c4 {[%clk 0:02:52]}  O-O {[%clk 0:02:52]} 9. Nc3 {[%clk 0:02:52]}  Be6 {[%clk 0:02:50]} 10. e4 {[%clk 0:02:51]}  Nd4 {[%clk 0:02:48]} 11. Nge2 {[%clk 0:02:42]}  Bc5 {[%clk 0:02:45]} 12. Nd5 {[%clk 0:02:39]}  Nxd5 {[%clk 0:02:41]} 13. cxd5 {[%clk 0:02:36]}  Bd7 {[%clk 0:02:04]} 14. Nxd4 {[%clk 0:02:36]}  exd4 {[%clk 0:02:02]} 15. Bxd4 {[%clk 0:02:36]}  Qb6 {[%clk 0:02:01]} 16. Bxc5 {[%clk 0:02:36]}  Qxc5 {[%clk 0:02:02]} 17. Qd2 {[%clk 0:02:11]}  f5 {[%clk 0:02:02]} 18. Rc1 {[%clk 0:02:07]}  Qd6 {[%clk 0:01:56]} 19. Bd3 {[%clk 0:02:00]}  fxe4 {[%clk 0:01:52]} 20. Bxe4 {[%clk 0:02:00]}  Rae8 {[%clk 0:01:41]} 21. O-O {[%clk 0:01:59]}  Bb5 {[%clk 0:01:32]} 22. Rfd1 {[%clk 0:01:52]}  Rf4 {[%clk 0:01:27]} 23. Qxa5 {[%clk 0:01:46]}  Be2 {[%clk 0:01:21]} 24. Re1 {[%clk 0:01:33]}  Ba6 {[%clk 0:01:09]} 25. Bxh7+ {[%clk 0:01:31]}  Kxh7 {[%clk 0:01:10]} 26. Rxe8 {[%clk 0:01:30]}  Qg6 {[%clk 0:01:00]} 27. Qd8 {[%clk 0:01:24]}  Qd3 {[%clk 0:00:50]} 28. Rh8+ {[%clk 0:01:07]}  Kg6 {[%clk 0:00:49]} 29. Qe8+ {[%clk 0:01:05]}  Rf7 {[%clk 0:00:47]} 30. Rf8 {[%clk 0:00:54]}  Qd4+ {[%clk 0:00:34]} 31. Kh1 {[%clk 0:00:54]}  Qf4 {[%clk 0:00:29]} 32. Re1 {[%clk 0:00:53]}  Bb5 {[%clk 0:00:18]} 33. Re6+ {[%clk 0:00:45]}  Kh7 {[%clk 0:00:16]} 34. Rh8# {[%clk 0:00:43]} 1-0

[Event "April 9 Early 2024"]
[Site "Chess.com"]
[Date "2024.04.09"]
[Round "7"]
[White "Meza Astrada, Agustin"]
[Black "Postnikov, Artem"]
[Result "1-0"]
[Board "212"]
[WhiteFideId "20018770"]
[BlackFideId "34153575"]
[WhiteTitle "CM"]
[BlackTitle "FM"]
[WhiteElo "2198"]
[BlackElo "2391"]
[WhiteTeam "ARG"]
[BlackTeam "RUS"]
[WhiteClock "0:00:11"]
[BlackClock "0:00:08"]
[Variant "Standard"]

1. Nf3 {[%clk 0:03:00]}  c5 {[%clk 0:02:57]} 2. b3 {[%clk 0:02:58]}  Nf6 {[%clk 0:02:52]} 3. e3 {[%clk 0:02:57]}  g6 {[%clk 0:02:52]} 4. Bb2 {[%clk 0:02:57]}  Bg7 {[%clk 0:02:53]} 5. Be2 {[%clk 0:02:56]}  O-O {[%clk 0:02:52]} 6. O-O {[%clk 0:02:52]}  Nc6 {[%clk 0:02:53]} 7. c4 {[%clk 0:02:51]}  d6 {[%clk 0:02:53]} 8. d4 {[%clk 0:02:51]}  Bg4 {[%clk 0:02:31]} 9. Nbd2 {[%clk 0:02:50]}  Nd7 {[%clk 0:02:10]} 10. h3 {[%clk 0:02:45]}  Bxf3 {[%clk 0:02:07]} 11. Nxf3 {[%clk 0:02:44]}  e5 {[%clk 0:02:08]} 12. dxe5 {[%clk 0:02:35]}  Ncxe5 {[%clk 0:02:05]} 13. Nxe5 {[%clk 0:02:34]}  Nxe5 {[%clk 0:02:04]} 14. Qd5 {[%clk 0:02:14]}  Qe7 {[%clk 0:01:42]} 15. Rab1 {[%clk 0:01:56]}  b6 {[%clk 0:01:35]} 16. Rfd1 {[%clk 0:01:52]}  Rad8 {[%clk 0:01:34]} 17. Bf3 {[%clk 0:01:50]}  Nxf3+ {[%clk 0:01:29]} 18. Qxf3 {[%clk 0:01:51]}  Bxb2 {[%clk 0:01:28]} 19. Rxb2 {[%clk 0:01:52]}  Qe5 {[%clk 0:01:26]} 20. Rbd2 {[%clk 0:01:53]}  f5 {[%clk 0:01:23]} 21. Rd5 {[%clk 0:01:35]}  Qe6 {[%clk 0:01:06]} 22. Qf4 {[%clk 0:01:17]}  Rf6 {[%clk 0:01:04]} 23. h4 {[%clk 0:01:13]}  Kf7 {[%clk 0:00:59]} 24. Qh6 {[%clk 0:01:07]}  Kg8 {[%clk 0:00:57]} 25. Qg5 {[%clk 0:00:47]}  Qf7 {[%clk 0:00:54]} 26. h5 {[%clk 0:00:43]}  Rd7 {[%clk 0:00:48]} 27. hxg6 {[%clk 0:00:35]}  hxg6 {[%clk 0:00:44]} 28. g3 {[%clk 0:00:33]}  Kg7 {[%clk 0:00:43]} 29. Kg2 {[%clk 0:00:32]}  Qe6 {[%clk 0:00:41]} 30. R5d2 {[%clk 0:00:16]}  a5 {[%clk 0:00:40]} 31. Rh1 {[%clk 0:00:15]}  Qe4+ {[%clk 0:00:39]} 32. f3 {[%clk 0:00:15]}  Qe8 {[%clk 0:00:23]} 33. Qh6+ {[%clk 0:00:15]}  Kf7 {[%clk 0:00:22]} 34. Qf4 {[%clk 0:00:11]}  Ke7 {[%clk 0:00:16]} 35. Rh7+ {[%clk 0:00:07]}  Kd8 {[%clk 0:00:16]} 36. Rxd7+ {[%clk 0:00:06]}  Qxd7 {[%clk 0:00:14]} 37. e4 {[%clk 0:00:07]}  Qe7 {[%clk 0:00:09]} 38. e5 {[%clk 0:00:06]}  Re6 {[%clk 0:00:06]} 39. Rxd6+ {[%clk 0:00:05]}  Rxd6 {[%clk 0:00:07]} 40. exd6 {[%clk 0:00:06]}  Qd7 {[%clk 0:00:07]} 41. Qg5+ {[%clk 0:00:06]}  Kc8 {[%clk 0:00:08]} 42. Qe7 {[%clk 0:00:07]}  Kb7 {[%clk 0:00:08]} 43. Qxd7+ {[%clk 0:00:07]}  Ka6 {[%clk 0:00:08]} 44. Qb5+ {[%clk 0:00:07]}  Kb7 {[%clk 0:00:08]} 45. d7 {[%clk 0:00:08]}  Kc7 {[%clk 0:00:08]} 46. f4 {[%clk 0:00:09]}  a4 {[%clk 0:00:06]} 47. bxa4 {[%clk 0:00:09]}  Kd8 {[%clk 0:00:06]} 48. Qc6 {[%clk 0:00:10]}  Ke7 {[%clk 0:00:06]} 49. Qc8 {[%clk 0:00:10]}  Kf6 {[%clk 0:00:06]} 50. d8=Q+ {[%clk 0:00:11]}  Kg7 {[%clk 0:00:07]} 51. Qe7+ {[%clk 0:00:11]}  Kh6 {[%clk 0:00:08]} 52. Qh8# {[%clk 0:00:11]} 1-0

[Event "April 9 Early 2024"]
[Site "Chess.com"]
[Date "2024.04.09"]
[Round "7"]
[White "Topalov, Aleksandar"]
[Black "Ho, In Hei Henry"]
[Result "0-1"]
[Board "214"]
[WhiteFideId "925659"]
[BlackFideId "6002552"]
[WhiteTitle "CM"]
[BlackTitle "FM"]
[WhiteElo "2337"]
[BlackElo "2152"]
[WhiteTeam "SRB"]
[BlackTeam "HKG"]
[WhiteClock "0:00:59"]
[BlackClock "0:00:35"]
[Variant "Standard"]

1. b3 {[%clk 0:02:57]}  Nf6 {[%clk 0:02:59]} 2. Bb2 {[%clk 0:02:55]}  e6 {[%clk 0:02:59]} 3. Nf3 {[%clk 0:02:55]}  d5 {[%clk 0:02:59]} 4. e3 {[%clk 0:02:55]}  Be7 {[%clk 0:03:00]} 5. d4 {[%clk 0:02:55]}  Nbd7 {[%clk 0:02:59]} 6. Nbd2 {[%clk 0:02:55]}  c5 {[%clk 0:02:59]} 7. Bd3 {[%clk 0:02:55]}  b6 {[%clk 0:02:59]} 8. a3 {[%clk 0:02:55]}  Bb7 {[%clk 0:03:00]} 9. Ne5 {[%clk 0:02:55]}  Nxe5 {[%clk 0:02:57]} 10. dxe5 {[%clk 0:02:55]}  Nd7 {[%clk 0:02:57]} 11. O-O {[%clk 0:02:55]}  O-O {[%clk 0:02:57]} 12. f4 {[%clk 0:02:55]}  Rc8 {[%clk 0:02:57]} 13. Rf3 {[%clk 0:02:53]}  d4 {[%clk 0:02:52]} 14. e4 {[%clk 0:02:51]}  f5 {[%clk 0:02:39]} 15. exf6 {[%clk 0:02:48]}  Nxf6 {[%clk 0:02:38]} 16. Rg3 {[%clk 0:02:40]}  Kh8 {[%clk 0:02:37]} 17. Qe2 {[%clk 0:02:37]}  Qe8 {[%clk 0:02:30]} 18. Rh3 {[%clk 0:02:22]}  g6 {[%clk 0:02:04]} 19. Rf1 {[%clk 0:02:18]}  Kg7 {[%clk 0:02:01]} 20. c3 {[%clk 0:02:11]}  Rd8 {[%clk 0:01:54]} 21. cxd4 {[%clk 0:02:11]}  cxd4 {[%clk 0:01:54]} 22. Nf3 {[%clk 0:02:04]}  a5 {[%clk 0:01:40]} 23. Kh1 {[%clk 0:02:03]}  Bc5 {[%clk 0:01:39]} 24. b4 {[%clk 0:01:49]}  axb4 {[%clk 0:01:39]} 25. axb4 {[%clk 0:01:49]}  Bxb4 {[%clk 0:01:38]} 26. Bxd4 {[%clk 0:01:49]}  Bc5 {[%clk 0:01:34]} 27. Ba1 {[%clk 0:01:45]}  Qd7 {[%clk 0:01:32]} 28. Ng5 {[%clk 0:01:33]}  h6 {[%clk 0:01:28]} 29. Qg4 {[%clk 0:01:30]}  Bd4 {[%clk 0:01:10]} 30. Nxe6+ {[%clk 0:01:27]}  Kf7 {[%clk 0:00:56]} 31. Nxf8 {[%clk 0:01:18]}  Qxg4 {[%clk 0:00:48]} 32. Nxg6 {[%clk 0:01:06]}  Bxa1 {[%clk 0:00:41]} 33. e5 {[%clk 0:01:05]}  Rxd3 {[%clk 0:00:36]} 34. Rg3 {[%clk 0:00:59]}  Rxg3 {[%clk 0:00:35]} 0-1

[Event "April 9 Early 2024"]
[Site "Chess.com"]
[Date "2024.04.09"]
[Round "7"]
[White "Mena, Martin"]
[Black "Bielinski, Dariusz"]
[Result "0-1"]
[Board "215"]
[WhiteFideId "10651225"]
[BlackFideId "1109383"]
[WhiteTitle "FM"]
[BlackTitle "CM"]
[WhiteElo "2145"]
[BlackElo "2309"]
[WhiteTeam "EGY"]
[BlackTeam "POL"]
[WhiteClock "0:00:00"]
[BlackClock "0:00:07"]
[Variant "Standard"]

1. c4 {[%clk 0:03:00]}  g6 {[%clk 0:02:45]} 2. Nc3 {[%clk 0:02:56]}  Bg7 {[%clk 0:02:45]} 3. g3 {[%clk 0:02:50]}  c5 {[%clk 0:02:44]} 4. Bg2 {[%clk 0:02:49]}  Nc6 {[%clk 0:02:45]} 5. e4 {[%clk 0:02:41]}  d6 {[%clk 0:02:44]} 6. Nge2 {[%clk 0:02:37]}  e6 {[%clk 0:02:44]} 7. O-O {[%clk 0:02:36]}  Nge7 {[%clk 0:02:43]} 8. d3 {[%clk 0:02:33]}  O-O {[%clk 0:02:43]} 9. Be3 {[%clk 0:02:30]}  Nd4 {[%clk 0:02:44]} 10. Qd2 {[%clk 0:02:29]}  Rb8 {[%clk 0:02:36]} 11. Bh6 {[%clk 0:02:27]}  a6 {[%clk 0:02:34]} 12. Bxg7 {[%clk 0:02:23]}  Kxg7 {[%clk 0:02:35]} 13. f4 {[%clk 0:02:08]}  b5 {[%clk 0:02:31]} 14. b3 {[%clk 0:02:09]}  Bb7 {[%clk 0:02:21]} 15. cxb5 {[%clk 0:02:02]}  axb5 {[%clk 0:02:10]} 16. Nxd4 {[%clk 0:01:57]}  cxd4 {[%clk 0:02:11]} 17. Nxb5 {[%clk 0:01:56]}  Qb6 {[%clk 0:01:56]} 18. Na3 {[%clk 0:01:54]}  d5 {[%clk 0:01:51]} 19. exd5 {[%clk 0:01:39]}  exd5 {[%clk 0:01:32]} 20. Nc2 {[%clk 0:01:37]}  Nf5 {[%clk 0:01:31]} 21. Qb4 {[%clk 0:01:25]}  Qa7 {[%clk 0:01:20]} 22. Rfe1 {[%clk 0:01:10]}  Rfc8 {[%clk 0:01:17]} 23. Qd2 {[%clk 0:00:55]}  Rc3 {[%clk 0:01:09]} 24. Re5 {[%clk 0:00:42]}  Rbc8 {[%clk 0:01:07]} 25. Nb4 {[%clk 0:00:39]}  f6 {[%clk 0:00:54]} 26. Rxf5 {[%clk 0:00:24]}  gxf5 {[%clk 0:00:54]} 27. Bxd5 {[%clk 0:00:15]}  Bxd5 {[%clk 0:00:50]} 28. Nxd5 {[%clk 0:00:16]}  Rc2 {[%clk 0:00:50]} 29. Qb4 {[%clk 0:00:16]}  Qf7 {[%clk 0:00:32]} 30. Qe7 {[%clk 0:00:13]}  Rc1+ {[%clk 0:00:25]} 31. Rxc1 {[%clk 0:00:12]}  Rxc1+ {[%clk 0:00:26]} 32. Kg2 {[%clk 0:00:11]}  Rc2+ {[%clk 0:00:27]} 33. Kf3 {[%clk 0:00:07]}  Rxa2 {[%clk 0:00:20]} 34. b4 {[%clk 0:00:04]}  Rxh2 {[%clk 0:00:17]} 35. b5 {[%clk 0:00:04]}  Rb2 {[%clk 0:00:16]} 36. Qxf7+ {[%clk 0:00:03]}  Kxf7 {[%clk 0:00:16]} 37. b6 {[%clk 0:00:02]}  Ke6 {[%clk 0:00:14]} 38. Nc7+ {[%clk 0:00:01]}  Kd7 {[%clk 0:00:14]} 39. Nd5 {[%clk 0:00:01]}  Ke6 {[%clk 0:00:13]} 40. Nc7+ {[%clk 0:00:01]}  Kd6 {[%clk 0:00:13]} 41. Ne8+ {[%clk 0:00:02]}  Ke7 {[%clk 0:00:12]} 42. Ng7 {[%clk 0:00:02]}  Rxb6 {[%clk 0:00:09]} 43. Nxf5+ {[%clk 0:00:02]}  Kf7 {[%clk 0:00:09]} 44. Nxd4 {[%clk 0:00:03]}  Rd6 {[%clk 0:00:08]} 45. Ke3 {[%clk 0:00:03]}  Rd7 {[%clk 0:00:08]} 46. Nf5 {[%clk 0:00:03]}  Rc7 {[%clk 0:00:07]} 47. d4 {[%clk 0:00:03]}  Ke6 {[%clk 0:00:07]} 48. g4 {[%clk 0:00:00]}  Kd5 {[%clk 0:00:07]} 0-1